大概是時間在煮我吧
| 資料類型: | 圖書 | 書目號: | 56318 |
Leader xxxxxxxxxx 001 __ PCLIS00056318 005 __ 20221118181608.0 010 0_ |a978-957-658-740-5|b平裝|dNT$380 100 __ |a20221031d2022 m y0chiy09 e 101 0_ |achi 102 __ |atw 105 __ |ay z 000cy 200 1_ |a大概是時間在煮我吧|e|f張西著 205 __ |a初版 210 __ |a臺北市|c三采文化|d2022.02[民111] 215 0_ |a325面|c|d20公分 225 2_ |a愛寫|v54 300 __ |a 306 __ |a2022年2刷 410 _0 |12001 |a愛寫|v54 606 __ |2cst|a散文 681 __ |a855|b874 681 __ |a863.55|b874 700 _1 |a張|b西|f1992- |4著 702 __ |a|b|4 801 _0 |atw|b內湖高中|c20221031|gCCR |